| 000 | 01560nam0a22003011 4500 | ||
|---|---|---|---|
| 001 | v19\rc\1952069 | ||
| 005 | 20251118180924.5 | ||
| 035 | _a(NLR Aleph) 005036806 | ||
| 090 |
_a6750467 _c6750467 |
||
| 100 | _a20251123 rusy50 | ||
| 101 | 0 | _arus | |
| 102 | _aRU | ||
| 105 | _ay z ||||| | ||
| 200 | 1 |
_aК вопросу о характере открытых лиманов северо-западного побережья Черного моря _eПо поводу проекта правил рыболовства в водах сев.-зап. части Черномор. бассейна _f[Соч.] Н. Максимова _gГ.У.З. и З. Деп. земледелия |
|
| 210 |
_aСанкт-Петербург _cтип. В.Ф. Киршбаума (отд-ние) _d1913 |
||
| 215 |
_a43 с. _d25 |
||
| 311 | _aОтт. из "Материалов к познанию рус. рыболовства". Т. 2, вып. 10, 1913 г. | ||
| 320 | _aБиблиогр.: с. 43 | ||
| 488 | 0 |
_12001#$aМатериалы к познанию русского рыболовства$v1913, т. 2, вып. 10 _tМатериалы к познанию русского рыболовства |
|
| 700 | 1 |
_7ca _8rus _aМаксимов _bН. Е. _cихтиолог _gНиколай Ефимович _9134348 _3RU\NLR\AUTH\770134382 |
|
| 801 | 0 |
_aRU _bNLR _gpsbo |
|
| 801 | 0 |
_aRU _bRuMoRGB _2psbo |
|
| 801 | 1 |
_aRU _bProSoft-M _2rusmarc |
|
| 801 | 2 |
_aRU _bNLR _c20140718 _2rusmarc |
|
| 852 |
_aNLR _j62-7/2192 |
||
| 899 |
_aRuMoRGB _jA 321/200 |
||
| 942 | _cBOOK | ||
| 980 | _aNB | ||